000 00245nam a2200097Ia 4500
008 240331s9999 xx 000 0 und d
082 _bRAG
100 _aRagupathy, P
245 0 _aEarly settlements in Jaffna :
_ban archaeological survey
942 _cL
999 _c3542
_d3542